Govt. of
Madhya Pradesh

लोक का अंत संसार (Record no. 60610)

MARC details
000 -LEADER
fixed length control field 00479nam a22001577a 4500
003 - CONTROL NUMBER IDENTIFIER
control field macl
005 - DATE AND TIME OF LATEST TRANSACTION
control field 20190730125836.0
008 - FIXED-LENGTH DATA ELEMENTS--GENERAL INFORMATION
fixed length control field 190730b xxu||||| |||| 00| 0 eng d
040 ## - CATALOGING SOURCE
Transcribing agency macl
082 ## - DEWEY DECIMAL CLASSIFICATION NUMBER
Classification number 800
100 ## - MAIN ENTRY--PERSONAL NAME
Personal name प्रकाश , जय
9 (RLIN) 76054
245 ## - TITLE STATEMENT
Title लोक का अंत संसार
260 ## - PUBLICATION, DISTRIBUTION, ETC. (IMPRINT)
Place of publication, distribution, etc. बीकानेर
Name of publisher, distributor, etc. सूर्य प्रकाशन मन्दिर
Date of publication, distribution, etc. 2016
651 ## - SUBJECT ADDED ENTRY--GEOGRAPHIC NAME
Geographic name इतिहास
9 (RLIN) 76055
942 ## - ADDED ENTRY ELEMENTS (KOHA)
Source of classification or shelving scheme
Koha item type Hindi Books
Holdings
Withdrawn status Lost status Source of classification or shelving scheme Damaged status Not for loan Home library Current library Date acquired Total Checkouts Full call number Barcode Date last seen Price effective from Koha item type
          MACL MACL 30/07/2019   800 CRH034780 30/07/2019 30/07/2019 Hindi Books